| 000 | 01026nam a2200277 i 4500 | ||
|---|---|---|---|
| 001 | 147461 | ||
| 003 | ES-MaACL | ||
| 005 | 20251207122542.0 | ||
| 007 | t| | ||
| 008 | 210812s2016 po ao 00110deng d | ||
| 020 | _a978-989-99474-1-2 | ||
| 080 | _a656.079(469.121)(091) | ||
| 100 | 1 |
_aSousa, Fernando de. _9173183 |
|
| 245 | 1 | 0 |
_aAgência Abreu : _ba 175-year journey / [authors, Fernando de Sousa, Maria Conceiçao Meireles Pereira]. |
| 250 | _a1st English ed. | ||
| 260 |
_a[Porto : _bViagens Abreu], _c2016 ( _fPrinter Portuguesa) |
||
| 300 |
_a399 p. : _bil. col. y n., fot. ; _c30 cm. |
||
| 504 | _aBibliografía: p. 397-399. | ||
| 600 | 1 | 4 |
_aVieira de Abreu, Bernardo Luís. _9173186 |
| 610 | 2 | 4 |
_aAgência Abreu (Porto) _9173184 |
| 650 | 4 |
_aAgencias de viajes- _zPortugal. _9173185 |
|
| 700 | 1 |
_aPereira, Maria da Conceição Meireles, _d1960- _9173187 |
|
| 852 | 4 |
_aES-MaACL _jA-14707 _9152755 _bR.151847 _cDEPO1 _dOlim: N-7707 _hDonación: Editorial |
|
| 942 |
_2udc _cMONOGRAFIA |
||
| 999 |
_c147461 _d147461 |
||